|
|
|
|
| LEADER |
00000nas a2200000 a 4500 |
| 001 |
ssj0012245 |
| 003 |
WaSeSS |
| 005 |
20200512172242.0 |
| 006 |
m d |
| 007 |
cr n |
| 008 |
020910d19842012si tr pss bs 0 a0eng c |
| 010 |
|
|
|a 2011235488
|
| 016 |
7 |
|
|a 2067853-8
|2 DE-600
|
| 022 |
|
|
|a 1793-2831
|y 0217-4472
|
| 035 |
|
|
|a (WaSeSS)ssj0012245
|
| 040 |
|
|
|a BUF
|b eng
|c BUF
|d OCLCQ
|d EQO
|d MUQ
|d EEM
|d AUD
|d CO3
|d MNJ
|d UV0
|d TXJ
|d CEF
|d EYM
|d HUL
|d OCLCQ
|d TXA
|d SERSO
|d OCLCF
|d OCLCO
|d CUY
|d OCLCQ
|d DEBBG
|d U3W
|d UUM
|d VT2
|d WaSeSS
|
| 042 |
|
|
|a pcc
|
| 043 |
|
|
|a as-----
|
| 050 |
1 |
4 |
|a HC441.A1
|b A72
|
| 082 |
0 |
4 |
|a 330.959/005
|2 19
|
| 245 |
0 |
0 |
|a ASEAN economic bulletin
|h [electronic resource].
|
| 260 |
|
|
|a Singapore :
|b Institute of Southeast Asian Studies, ASEAN Economic Research Unit,
|c 1984-2012.
|
| 310 |
|
|
|a Three no. a year
|
| 362 |
1 |
|
|a Began with: Vol. 1, no. 1 (July 1984); ceased with: Vol. 29, no. 3 (Dec. 2012).
|
| 506 |
|
|
|a License restrictions may limit access.
|
| 538 |
|
|
|a Mode of access: World Wide Web.
|
| 555 |
|
|
|a Vols. 1 (1984)-10 (1994). 1 v.
|
| 588 |
|
|
|a Description based on: Vol. 1, no. 1 (July 1984); title from PDF cover (JSTOR, viewed Aug. 12, 2011).
|
| 588 |
|
|
|a Latest issue consulted: Vol. 29, no. 3 (Dec. 2012) (JSTOR, viewed Aug. 12, 2011).
|
| 610 |
2 |
0 |
|a ASEAN
|v Periodicals.
|
| 610 |
2 |
6 |
|a Association des nations de l'Asie du Sud-Est
|v Périodiques.
|
| 610 |
2 |
7 |
|a ASEAN.
|2 fast
|0 (OCoLC)fst00541528
|
| 610 |
2 |
4 |
|a ASEAN
|v Periodicals.
|
| 650 |
|
7 |
|a Economic history.
|2 fast
|0 (OCoLC)fst00901974
|
| 650 |
|
7 |
|a Economic policy.
|2 fast
|0 (OCoLC)fst00902025
|
| 651 |
|
0 |
|a Southeast Asia
|x Economic conditions
|v Periodicals.
|
| 651 |
|
0 |
|a Southeast Asia
|x Economic policy
|v Periodicals.
|
| 651 |
|
6 |
|a Asie du Sud-Est
|x Conditions économiques
|v Périodiques.
|
| 651 |
|
6 |
|a Asie du Sud-Est
|x Politique économique
|v Périodiques.
|
| 651 |
|
7 |
|a Southeast Asia.
|2 fast
|0 (OCoLC)fst01240499
|
| 655 |
|
0 |
|a Electronic journals.
|
| 710 |
2 |
|
|a Institute of Southeast Asian Studies.
|b ASEAN Economic Research Unit.
|
| 776 |
0 |
8 |
|i Print version:
|t ASEAN economic bulletin
|x 0217-4472
|w (DLC) 84942055
|w (OCoLC)11554228
|
| 785 |
0 |
0 |
|t Journal of Southeast Asian economies
|x 2339-5206
|w (DLC) 2013268613
|w (OCoLC)856592565
|
| 856 |
4 |
0 |
|z Full text available from Research Library: 07/01/1997 to 2012
|u https://search.proquest.com/publication/3570
|